Mario + Rabbids Kingdom Battle And Sparks of Hope - Statistics

General Stats
  • This quiz has been taken 22 times
  • The average score is 11 of 15
Answer Stats
Hint Answer % Correct
Luigi
100%
Mario
100%
Rabbid Luigi
100%
Rabbid Mario
100%
Peach
95%
Rabbid Peach
95%
Bowser
74%
Yoshi
74%
DLC Donkey Kong
68%
Rabbid Rosalina
63%
Edge
58%
Rabbid Yoshi
58%
(Kinda) Rosalina
58%
DLC Rayman
47%
DLC Cranky Kong
32%
No matching quizzes found
Score Distribution
Percent of People with Each Score
Percentile by Number Answered
Your Score History
You have not taken this quiz